| 000 | 00697nam a2200181 i 4500 | ||
|---|---|---|---|
| 001 | 44242 | ||
| 003 | ES-MaACL | ||
| 005 | 20230906161002.0 | ||
| 007 | t| | ||
| 008 | 030320s1894 sp ||||1| spa d | ||
| 245 | 0 | 3 |
_aLa Ciudad Lineal _b: antecedentes y datos varios acerca de su construcción. |
| 260 |
_a[Madrid : _bs.n.], _c1894 ( _fEst. tip. de Sucesores de Rivadeneyra) |
||
| 300 |
_a124 p., [1] h. pleg. : _bil. ; _c23 cm. |
||
| 500 | _aRecoge diversa información sobre el acto de inauguración del inicio de las obras en julio de 1894. | ||
| 651 |
_aCiudad Lineal (Madrid, Distrito) _9145210 |
||
| 710 | 2 |
_aCompañía Madrileña de Urbanización. _93121 |
|
| 852 |
_aES-MaACL _jT-805-F-3 |
||
| 999 |
_c44242 _d44242 |
||